000 00317nam a22001457a 4500
008 221109b ||||| |||| 00| 0 eng d
020 _a2740276685461
041 _aeng
080 _2FOURTH EDITION
_a34
082 _a34
100 _a32
101 _aJUR
245 _aFORENSIC SCIENCE
_cJAMES S
942 _2udc
_cBK
999 _c58815
_d58815